Ga door naar de inhoud
VuFind
Taal
English
Deutsch
Español
Français
Italiano
日本語
Nederlands
Português
Português (Brasil)
中文(简体)
中文(繁體)
Türkçe
עברית
Gaeilge
Cymraeg
Ελληνικά
Català
Euskara
Русский
Čeština
Suomi
Svenska
polski
Dansk
slovenščina
اللغة العربية
বাংলা
Galego
Tiếng Việt
Hrvatski
हिंदी
Alle velden
Titel
Auteur
Onderwerp
Plaatsingsnummer
ISBN/ISSN
Tag
Zoek
Geavanceerd
Zoeken
Digital design and Verilog HDL...
Citeren
Versturen
Afdrukken
Exporteer Record
Exporteer naar RefWorks
Exporteer naar EndNoteWeb
Exporteer naar EndNote
permanent_link
Wordt geladen...
Digital design and Verilog HDL fundamentals
Bibliografische gegevens
Hoofdauteur:
Cavanagh, Joseph
Exemplaren
Omschrijving
Gelijkaardige items
Personeel
LEADER
00200 a2200097 4500
020
260
942
|c
BK
|6
_
245
|a
Digital design and Verilog HDL fundamentals
100
|a
Cavanagh, Joseph
999
|c
57369
|d
57369
Gelijkaardige items
Verilog HDL: digital design and modeling /
door: Cavanagh, Joseph
Gepubliceerd in: (2007)
Verilog HDL:digitall design and modeling
door: Cavanagh, Joseph
Gepubliceerd in: (2007)
Computer arithmetic and verilog HDL fundamentals
door: Cavanagh, Joseph
Gepubliceerd in: (2010)
Computer arithmetic and Verilog HDL fundamentals /
door: Cavanagh, Joseph J. F.
Gepubliceerd in: (2010)
Advanced Digital Design With The Verilog Hdl
door: Ciletti, Michael D
Gepubliceerd in: (2005)
Wordt geladen...